000 00704nam a2200217Ia 4500
001 4954
003 GE_BSU
008 181216s||||||||xx |||||||||||||| ||und||
040 _cGE_BSU
080 _a621.31:64(075.8)
100 _aИванов,А.А.
245 _aЭлектрооборудование пищевых предприятии.
245 _bУчебник.
250 _aизд. 4-е, перераб. и дополненное.
260 _aКиев.
260 _bТехнiка.
260 _c1969.
300 _a455стр.с илл. 22см.библиогр.:стр.444-447.
653 _aЭлектрооборудование пищевых предприятии
942 _cBK
999 _c38696
_d38696